Nancy Drew Game Characters - F - Statistics

General Stats
  • This quiz has been taken 33 times
  • The average score is 4 of 5
Answer Stats
Answer % Correct
Frank Hardy Recurring character (TRN, CRE, MID)
95%
Fatima Last Train to Blue Moon Canyon
85%
Fiona Malloy Haunting of Castle Malloy
75%
Freddie Randall White Wolf of Icicle Creek
75%
Frosty Harlow Trail of the Twister
75%
No matching quizzes found
Score Distribution
Percent of People with Each Score
Percentile by Number Answered
Your Score History
You have not taken this quiz